<?xml version="1.0" encoding="UTF-8"?><?xml-stylesheet type="text/xsl" href="static/style.xsl"?><OAI-PMH xmlns="http://www.openarchives.org/OAI/2.0/" xmlns:xsi="http://www.w3.org/2001/XMLSchema-instance" xsi:schemaLocation="http://www.openarchives.org/OAI/2.0/ http://www.openarchives.org/OAI/2.0/OAI-PMH.xsd"><responseDate>2026-04-13T06:37:52Z</responseDate><request verb="GetRecord" identifier="oai:www.recercat.cat:20.500.12694/7085" metadataPrefix="marc">https://recercat.cat/oai/request</request><GetRecord><record><header><identifier>oai:recercat.cat:20.500.12694/7085</identifier><datestamp>2025-12-18T12:09:30Z</datestamp><setSpec>com_2072_179042</setSpec><setSpec>col_2072_484474</setSpec></header><metadata><record xmlns="http://www.loc.gov/MARC21/slim" xmlns:dcterms="http://purl.org/dc/terms/" xmlns:xsi="http://www.w3.org/2001/XMLSchema-instance" xmlns:doc="http://www.lyncode.com/xoai" xsi:schemaLocation="http://www.loc.gov/MARC21/slim http://www.loc.gov/standards/marcxml/schema/MARC21slim.xsd">
   <leader>00925njm 22002777a 4500</leader>
   <datafield ind2=" " ind1=" " tag="042">
      <subfield code="a">dc</subfield>
   </datafield>
   <datafield ind2=" " ind1=" " tag="720">
      <subfield code="a">Soques Berga, Montserrat</subfield>
      <subfield code="e">author</subfield>
   </datafield>
   <datafield ind2=" " ind1=" " tag="260">
      <subfield code="c">2016-06</subfield>
   </datafield>
   <datafield ind2=" " ind1=" " tag="520">
      <subfield code="a">Dins l’àmbit de la música tradicional catalana, les sardanes ocupen una posició rellevant per la seva transcendència històrica i concentració d’activitat. Aquestes s’han caracteritzat per provenir d’un vessant molt popular, festiu i oral. Actualment, aquesta pràctica representa una especialització professional, la de cobla, que s’acompanya d’una formació i uns mecanismes reguladors. En aquest treball es planteja una anàlisi dels elements que caracteritzen aquest sector per poder obtenir una visió clara de com es regeix actualment i com podria millorar.</subfield>
   </datafield>
   <datafield ind2=" " ind1=" " tag="520">
      <subfield code="a">En el ámbito de la música tradicional catalana, las sardanas ocupan una posición relevante gracias a su trascendencia histórica y a la concentración de su actividad. Estas se han caracterizado por su procedencia popular, festiva y oral. Actualmente, esta práctica representa una especialización profesional, la de cobla, que se acompaña de una formación y unos mecanismos de regulación. En este trabajo se propone un análisis de los elementos que caracterizan este sector para obtener una visión clara de cómo se rige y cómo podría mejorarse.</subfield>
   </datafield>
   <datafield ind2=" " ind1=" " tag="520">
      <subfield code="a">In traditional Catalan music, the “sardanas” are really relevant thanks to their historical transcendence. Their popular, oral, and familiar origins are fundamental features. Nowadays, this practice represents a professional specialization, the cobla; it requires extensive training and is regulated by several parameters. With this study, I would like to determine what those parameters are and propose new alternatives.</subfield>
   </datafield>
   <datafield ind1="8" ind2=" " tag="024">
      <subfield code="a">http://hdl.handle.net/20.500.12694/7085</subfield>
   </datafield>
   <datafield tag="653" ind2=" " ind1=" ">
      <subfield code="a">TFG Música tradicional</subfield>
   </datafield>
   <datafield tag="653" ind2=" " ind1=" ">
      <subfield code="a">Sardana</subfield>
   </datafield>
   <datafield tag="653" ind2=" " ind1=" ">
      <subfield code="a">Cobles (Música)</subfield>
   </datafield>
   <datafield tag="653" ind2=" " ind1=" ">
      <subfield code="a">Cobla, Música per a</subfield>
   </datafield>
   <datafield ind2="0" ind1="0" tag="245">
      <subfield code="a">A L’OLI: retrat del sistema de gestió de les cobles</subfield>
   </datafield>
</record></metadata></record></GetRecord></OAI-PMH>